Les pays ayant le plus fort taux d'espérance de vie - Statistiques

Statistiques générales
  • Ce quiz a été pris 155 fois
    130 depuis la dernière actualisation
  • Le résultat moyen est 23 sur 30
Statistiques - réponses
Espérance de vie globale Pays % Correct
82,4 France
99%
82,3 Espagne
97%
82,5 Canada
94%
83,1 Italie
94%
85,25 Japon
94%
81 Allemagne
91%
83 Suède
91%
81,9 Norvège
90%
82,8 Suisse
89%
81 Finlande
86%
83 Australie
83%
81 Belgique
82%
87,2 Monaco
81%
81,5 Pays-Bas
80%
81,5 Autriche
79%
81 Corée du Sud
79%
83,3 Islande
79%
82 Luxembourg
77%
81 Grèce
76%
81,4 Irlande
75%
84,2 Andorre
74%
81 Royaume-Uni
70%
81,7 Nouvelle-Zélande
68%
81 Malte
57%
81,2 Chypre
54%
80,7 Liechtenstein
54%
83,5 Saint-Marin
54%
84 Singapour
51%
80,6 Taïwan
49%
82,1 Israël
35%
Aucun quiz correspondant
Distribution des résultats
% des personnes avec chaque résultat
Percentile par nombre de réponses
Votre historique - résultats
Vous n’avez pas pris ce quiz depuis la dernière actualisation